| 000 | 01272nam a2200217Ia 4500 | ||
|---|---|---|---|
| 003 | Ost | ||
| 005 | 20260507075043.0 | ||
| 008 | 260507s9999||||xx |||||||||||||| ||und|| | ||
| 020 | _a9773280640 | ||
| 040 | _cfsecg | ||
| 041 | _aara | ||
| 082 | _a330 | ||
| 100 |
_aحنفي، عبد الغفار _eمؤلف |
||
| 245 | 0 |
_aإدارة المشتريات والمخازن / _c عبد الغفار حنفي |
|
| 260 |
_aالاسكندرية: _bدار الجامعة الجديدة للنشر, _c2002 |
||
| 300 |
_a446 صفحة؛ _bإيضاحات ؛ _c24 سم |
||
| 520 | _aالجزء الأول:أهمية إدارة المواد والإمداد، تخطيط الإحتياجات من المواد وإعداد الموازنة المالية، الشراء من الخارج، شراء الأجهزة الرأسمالية، إدارة المخازن الجزء الثاني:الرقابة على المخزون وتقييم الأداء، النماذج التحديدية للرقابة على المخزون، النماذج الإحتمالية للرقابة على المخزون، مشاكل النقل والتوزيع، تقييم نشاط إدارة المواد والإمداد | ||
| 653 | _aالشراء | ||
| 653 | _aالمخازن | ||
| 942 | _cكتاب | ||
| 999 |
_c42539 _d42539 |
||